| 000 | 00365nam a22001457a 4500 | ||
|---|---|---|---|
| 020 | _a9780409343045 | ||
| 082 |
_a346.0463 _bTRA |
||
| 100 | _aTraves, Samantha | ||
| 245 |
_aCommercial Law / _cSamantha Traves |
||
| 250 | _a4th Edition. | ||
| 260 |
_aAustralia: _bLexisNexis Butterworths, _c2016. |
||
| 300 | _a529 p. | ||
| 563 | _aPB. | ||
| 942 |
_2ddc _cBK |
||
| 999 |
_c614117 _d614117 |
||